Základné práva a slobody občana
Objasnenie niektorých atribútov problematiky základných práv a slobôd občana. Právo občana na ochranu životného prostredia a kultúrneho dedičstva. Právo občana na súdnu a inú ochranu.
Gespeichert in:
| 1. Verfasser: | |
|---|---|
| Format: | Buchkapitel |
| Sprache: | Slowakisch |
| Schlagworte: | |
| Tags: |
Keine Tags, Fügen Sie das erste Tag hinzu!
|
MARC
| LEADER | 00000naa a2200000 4500 | ||
|---|---|---|---|
| 001 | r015962 | ||
| 005 | 20221213123711.0 | ||
| 041 | 0 | |a slo | |
| 044 | |a SK | ||
| 245 | 1 | 0 | |a Základné práva a slobody občana |c J. Roháč |
| 520 | |a Objasnenie niektorých atribútov problematiky základných práv a slobôd občana. Právo občana na ochranu životného prostredia a kultúrneho dedičstva. Právo občana na súdnu a inú ochranu. | ||
| 610 | 2 | 0 | |a zákony |
| 610 | 2 | 0 | |a práva ľudské |
| 610 | 2 | 0 | |a ochrana osobnosti |
| 610 | 2 | 0 | |a ochrana práv občanov |
| 100 | 1 | |a Roháč, J. | |